Zdravotné stredisko

Saved in:
Bibliographic Details
Main Author: Somogyiová, Klaudia (Author)
Other Authors: Maňková, Lucia (Thesis advisor)
Format: Manuscript Book
Language:Slovak
Published: 2017
Subjects:
Online Access:http://is.stuba.sk/zp/portal_zp.pl?podrobnosti=125937
https://opac.crzp.sk/?fn=detailBiblioForm&sid=D79A57A76A32382FF3B1A15572E0
Tags: Add Tag
No Tags, Be the first to tag this record!

MARC

LEADER 00000ntm a22000003a 4500
001 stuzp62960
003 SK-STU
005 20230818104017.7
007 ta
008 150427s2015----xo-----f-mn---000-0-slo-d
040 |a STU  |b slo 
041 0 |a slo 
100 1 |a Somogyiová, Klaudia  |u 010180  |4 aut  |U SvF Stavebná fakulta  |T SvF Katedra konštrukcií pozemných stavieb  |X 7558  |U V180  |Y 18  |7 7558 
242 0 1 |a Health center  |y eng 
245 1 0 |a Zdravotné stredisko 
260 |c 2017 
650 4 |a zdravotné stredisko  |2 slo 
650 4 |a očná optika  |2 slo 
650 4 |a obklad  |2 slo 
650 4 |a health center  |2 eng 
650 4 |a eye optics  |2 eng 
650 4 |a cladding  |2 eng 
700 1 |a Maňková, Lucia  |u 010180  |k Z1  |4 ths  |U SvF Stavebná fakulta  |T SvF Katedra konštrukcií pozemných stavieb  |X 10111  |U V180  |Y 18  |7 A000010111 
856 4 |u http://is.stuba.sk/zp/portal_zp.pl?podrobnosti=125937 
856 4 |u https://opac.crzp.sk/?fn=detailBiblioForm&sid=D79A57A76A32382FF3B1A15572E0